=LDR 00000nam 2200000 4500 =001 INLIS000000000006901 =005 20251117022239 =035 ##$$a 0010-1125000775 =007 ta =008 251117###########################0#ind## =082 ##$$a 363.96 =084 ##$$a 363.96 RUS b =100 #$$a Rusli Ramli =245 1#$$a Bentuk-Bentuk Kegiatan Yang Dapat Dilakukan Oleh KKN dalam Menunjang Program Kependudukan dan Keluarga Berencana /$c Badan Koordinasi Keluarga Berencana Nasional =260 ##$:$b Badan Koordinasi Keluarga Berencana Nasional =300 ##$$a 7 Hal : $b Ilus ; $c 21 =650 #4$$a Keluarga Berencana =856 ##$$a Perpustakaan Kemendukbangga